Barron's AP calculus / (Record no. 339983)
[ view plain ]
| 000 -LEADER | |
|---|---|
| fixed length control field | 00907nam a2200325Ia 4500 |
| 008 - FIXED-LENGTH DATA ELEMENTS--GENERAL INFORMATION | |
| fixed length control field | 170711s9999 xx 000 0 und d |
| 020 ## - INTERNATIONAL STANDARD BOOK NUMBER | |
| International Standard Book Number | 9780764136795 |
| 050 ## - LIBRARY OF CONGRESS CALL NUMBER | |
| Classification number | 515.07 |
| 050 ## - LIBRARY OF CONGRESS CALL NUMBER | |
| Item number | H685 2008 |
| 100 ## - MAIN ENTRY--PERSONAL NAME | |
| Personal name | Hockey, Shirley O. |
| 245 ## - TITLE STATEMENT | |
| Title | Barron's AP calculus / |
| 245 ## - TITLE STATEMENT | |
| Statement of responsibility, etc | Shirley O. Hockett and David Bock. |
| 250 ## - EDITION STATEMENT | |
| Edition statement | Nineth edition. |
| 260 ## - PUBLICATION, DISTRIBUTION, ETC. (IMPRINT) | |
| Place of publication, distribution, etc | New York : |
| 260 ## - PUBLICATION, DISTRIBUTION, ETC. (IMPRINT) | |
| Name of publisher, distributor, etc | Barron's, |
| 260 ## - PUBLICATION, DISTRIBUTION, ETC. (IMPRINT) | |
| Date of publication, distribution, etc | 2008 |
| 300 ## - PHYSICAL DESCRIPTION | |
| Extent | 681 pages : |
| 300 ## - PHYSICAL DESCRIPTION | |
| Other physical details | black and white ; |
| 300 ## - PHYSICAL DESCRIPTION | |
| Dimensions | 28cm. |
| 440 ## - SERIES STATEMENT/ADDED ENTRY--TITLE | |
| Title | Barron's : the leader in test preparation. |
| 500 ## - GENERAL NOTE | |
| General note | Includes index. |
| 650 ## - SUBJECT ADDED ENTRY--TOPICAL TERM | |
| Topical term or geographic name as entry element | Advanced placement programs (Education) -- |
| 650 ## - SUBJECT ADDED ENTRY--TOPICAL TERM | |
| Topical term or geographic name as entry element | Advanced placement programs (Education) -- |
| 650 ## - SUBJECT ADDED ENTRY--TOPICAL TERM | |
| Topical term or geographic name as entry element | Calculus -- |
| 650 ## - SUBJECT ADDED ENTRY--TOPICAL TERM | |
| General subdivision | Examinations, questions, etc. |
| 650 ## - SUBJECT ADDED ENTRY--TOPICAL TERM | |
| General subdivision | Examinations. |
| 650 ## - SUBJECT ADDED ENTRY--TOPICAL TERM | |
| General subdivision | Study guides. |
| 700 ## - ADDED ENTRY--PERSONAL NAME | |
| Personal name | Title : AP Calculus. |
| 700 ## - ADDED ENTRY--PERSONAL NAME | |
| Personal name | Title. |
No items available.